| 000 | 00801nam a2200253 a 4500 | ||
|---|---|---|---|
| 005 | 20250703063903.0 | ||
| 008 | 010717s1989 mx r 000 0 spa d | ||
| 020 | _a9688406376 | ||
| 035 | _aUPN01000109753 | ||
| 049 | _aCG | ||
| 050 | 4 |
_aHM213 _bB7.5 1989 |
|
| 100 | 1 |
_aBrunner Ried, José Joaquín, _d1944- _931776 |
|
| 245 | 1 | 4 |
_aLos intelectuales y las instituciónes de la cultura / _cJosé Joaquín Brunner, Angel Flisfisch. |
| 250 | _a2a ed. | ||
| 260 |
_aMéxico : _bUAM-Azcapotzalco : _bANUIES, _c1989. |
||
| 300 | _a212 p. | ||
| 440 | 0 | _aEnsayos | |
| 590 | _aBibliografía Básica (BGTQ) | ||
| 590 | _a(También localizas un ejemplar en el "Area de Reserva") | ||
| 650 | 2 |
_aIntelectuales _926506 |
|
| 650 | 4 |
_aCultura _97095 |
|
| 700 | 1 |
_aFlisfisch, Angel, _ecoaut. |
|
| 905 | _aLibro | ||
| 999 |
_c83663 _d83663 |
||